| 000 | 00913cgm a2200253 4500 | ||
|---|---|---|---|
| 001 | B3061 | ||
| 008 | 090401t1990 xxu||||| |||| 00| 0 eng d | ||
| 035 | _a(Sirsi) u53785 | ||
| 041 | _aeng | ||
| 050 | _a711.552 | ||
| 100 | _aRead, Brian | ||
| 245 | _aShopping centre development (sound recording) | ||
| 260 |
_aLondon _bRoyal Institution of Chartered Surveyors _c1990 |
||
| 300 | _a1 sound cassette (60 min.) | ||
| 350 | _a10 | ||
| 490 | _aOwlion Audio Programme | ||
| 520 | _aPublished jointly with the College of Estate Management . This programme reviews the evolution of the different forms of shopping centres and examines some of the sources from which major developers obtain funding and attract the interest of potential clients. | ||
| 650 | _aAUDIO CASSETTES | ||
| 650 | _aSHOPPING CENTRES | ||
| 700 | _aDavies, Ross | ||
| 700 | _aSchiller, Russell | ||
| 942 | _n0 | ||
| 948 | _c04/03/1997 | ||
| 999 |
_c85271 _d85271 |
||